Państwa z literą ,,b" w nazwie - Statystyki

Ogólne statystyki
  • Ten quiz został rozwiązany 265 razy
    212 od ostatniego zresetowania
  • Średni wynik to 38 z 47
Statystyki odpowiedzi
Odpowiedź % Poprawnych
Belgia
97%
Brazylia
97%
Białoruś
94%
Bośnia i Harcegowina
93%
Arabia Saudyjska
91%
Bułgaria
89%
Bangladesz
88%
Botswana
88%
Wielka Brytania
88%
Belize
86%
Benin
86%
Boliwia
86%
Azerbejdżan
84%
Bahrajn
84%
Burundi
84%
Libia
84%
Brunei
83%
Zimbabwe
83%
Antigua i Barbuda
82%
Liban
82%
Liberia
82%
Republika Środkowoafrykanśka
82%
RPA
82%
Zjednoczone Emiraty Arabskie
82%
Albania
81%
Luksemburg
80%
Bahamy
79%
Barbados
79%
Bhutan
79%
Burkina Faso
79%
Gambia
79%
Kolumbia
79%
Republika Zielonego Przylądka
78%
Gabon
77%
Zambia
77%
Trynidad i Tobago
75%
Uzbekistan
75%
Dżibuti
74%
Gwinea Bissau
73%
Kambodża
73%
Serbia
73%
Kiribati
71%
Wybrzeże Kości Słoniowej
69%
Mozambik
68%
Namibia
68%
Kuba
65%
Demokratyczna Republika Konga
60%
Nie znaleziono quizów pasujących do podanych kryteriów
Rozkład punktacji
Procent ludzi z każdym wynikiem
Percentyl według liczby udzielonych odpowiedzi
Twoja historia wyników
Nie rozwiązałeś tego quizu od ostatniego zresetowania